Formes partielles de pays - Statistiques

Statistiques générales
  • Ce quiz a été pris 42 fois
  • Le résultat moyen est 8 sur 20
Statistiques - réponses
Par images Réponse % Correct
France
95%
Chypre
85%
Chine
60%
Gambie
53%
Malaisie
53%
Mali
53%
Etats-Unis
45%
Mexique
45%
Roumanie
43%
Haïti
38%
Danemark
35%
Brésil
33%
Somalie
33%
Bosnie-Herzégovine
30%
Équateur
23%
Nicaragua
23%
Vatican
20%
Sierra Leone
15%
Panama
13%
Paraguay
8%
Aucun quiz correspondant
Distribution des résultats
% des personnes avec chaque résultat
Percentile par nombre de réponses
Votre historique - résultats
Vous n’avez pas pris ce quiz